| 000 | 00961nmm a2200289 a 4500 | ||
|---|---|---|---|
| 001 | ocm0001411493 | ||
| 003 | TR-IsHL | ||
| 005 | 20201028163623.0 | ||
| 008 | 160220s2011 tu tur | ||
| 007 | cr cn | ||
| 020 | _a9786054205615 | ||
| 035 |
_a1411493 _b(N$T) |
||
| 050 | 0 | 4 |
_aQA76.76.C672 _bA83 2011 |
| 090 | 0 | 4 |
_aQA76.76.C672 _bA83 2011 |
| 100 | 1 | _aAtasever, Volkan | |
| 245 | 1 | 0 |
_aWindows Phone 7&7.5 Mango _h[electronic resource] / _cVolkan Atasever |
| 260 |
_aİstanbul : _bKodlab, _c2011 |
||
| 300 | _a313 p. | ||
| 650 | 4 | _aBilgisayar | |
| 650 | 4 | _aComputer Sciences | |
| 650 | 0 |
_aAkıllı telefonlar _x Programlama |
|
| 650 | 0 |
_aSmartphones _x Programming |
|
| 650 | 0 |
_aUygulamalı yazılım _x Geliştirme |
|
| 650 | 0 |
_aApplication software _x Development |
|
| 650 | 7 |
_aCOMPUTERS / Programming / Mobile Devices _2bisacsh |
|
| 856 | 4 | 0 | _uhttp://search.ebscohost.com/login.aspx?direct=true&scope=site&db=e011xww&AN=1411493 |
| 999 |
_c15398 _d15398 |
||